000 00298nam a22001337a 4500
008 170615b xxu||||| |||| 00| 0 eng d
020 _a9780691001029
041 _aeng
080 _a94(100)
100 _a18
101 _aSHH
245 _aENCOUNTERING DEVELOPMENT
_cESCOBAR.A
942 _2udc
_cBK
999 _c17614
_d17614